LEADER 01124nam0-2200361---450- 001 990009583650403321 005 20120531090056.0 010 $a88-420-8022-5 035 $a000958365 035 $aFED01000958365 035 $a(Aleph)000958365FED01 035 $a000958365 100 $a20120531d2006----km-y0itay50------ba 101 1 $aita 102 $aIT 105 $ay-------001yy 200 1 $aAl Qaeda$ei testi$fpresentati da Gilles Kepel$gtraduzione e cura di Jean-Pierre Milelli$gscritti di Osama bin Laden ... [et al.]$gintroduzioni e note di Thomas Hegghammer ... [et al.] 210 $aRoma ; Bari$cLaterza$d2006 215 $aXIV, 350 p.$d21 cm 225 1 $a<>Robinson$iLetture 610 0 $aTerrorismo$aPaesi islamici 676 $a303.6250917671$v22$zita 702 1$aKepel,$bGilles$f<1955- > 702 1$aMilelli,$bJean-Pierre 702 1$aBin Laden,$bOsama 702 1$aHegghammer,$bThomas 801 0$aIT$bUNINA$gREICAT$2UNIMARC 901 $aBK 912 $a990009583650403321 952 $aXII A 1522$b44312$fFSPBC 959 $aFSPBC 996 $aAl Qaeda$9845630 997 $aUNINA LEADER 00786nam0-22002891i-450- 001 990001868150403321 005 20021010 035 $a000186815 035 $aFED01000186815 035 $a(Aleph)000186815FED01 035 $a000186815 100 $a20021010d--------km-y0itay50------ba 101 0 $aita 200 1 $a<>apricot blight$fWendell Paddock. 210 $aFort Collins-Colorado$cThe Agricultural Experiment Station$d1903. 215 $a14 p.$c2 tav.$d21 cm 610 0 $aPrunus armeniaca 676 $a634.21 700 1$aPaddock,$bWendell$081988 801 0$aIT$bUNINA$gRICA$2UNIMARC 901 $aBK 912 $a990001868150403321 952 $a60 MISC. B 145/5$b$fFAGBC 959 $aFAGBC 996 $aApricot blight$9401330 997 $aUNINA DB $aING01